000 00401nam a2200109Ia 4500
008 240129s9999 xx 000 0 und d
100 _aNOUBADE, JYOTHI
245 0 _aSTUDY OF SCHEDULING AND BUFFERING IN HIGH SPEED PACKET SWITCHED NETWORK FOR VOICE OVER INTERNET PROTOCOL WITH VLSI
260 _bMEWAR UNIVERSITY, CHITTORGARH
_c2021
650 _aElectronic & Communication Engineering
942 _cTHE
999 _c218919
_d218919